Aplikácia CRM systémov na slovenské hotely

Analýza východísk CRM systémov v slovenských hoteloch. Európsky trh softvérových licencií. analýza koncepcie systému CRM. Tri typy systémov. Dôvody zavedenia informačného systému CRM v hoteli.

Saved in:
Bibliographic Details
Main Author: Hasan, Jamal
Other Authors: Vinczeová, Judita
Format: Book Chapter
Language:Slovak
Subjects:
Tags: Add Tag
No Tags, Be the first to tag this record!

MARC

LEADER 00000naa a2200000 4500
001 0148859
005 20240502072658.6
041 0 |a slo 
044 |a SK 
245 1 0 |a Aplikácia CRM systémov na slovenské hotely  |c Jamal Hasan, Judita Vinczeová 
520 |a Analýza východísk CRM systémov v slovenských hoteloch. Európsky trh softvérových licencií. analýza koncepcie systému CRM. Tri typy systémov. Dôvody zavedenia informačného systému CRM v hoteli. 
610 2 0 |a systém CRM 
610 2 0 |a hotelierstvo 
610 2 0 |a Slovensko 
610 2 0 |a výskum marketingový 
610 2 0 |a hotely 
610 2 0 |a marketing 
100 1 |a Hasan, Jamal 
700 1 |a Vinczeová, Judita